[Event "Skalica op-A"]
[Site "Skalica"]
[Date "2023.08.26"]
[Round "8"]
[White "Frank, Adam"]
[Black "Finek, Vaclav"]
[Result "1/2-1/2"]
[WhiteElo "2344"]
[BlackElo "2430"]
[PlyCount "105"]
[EventDate "2023.08.19"]
[EventType "swiss"]
[EventRounds "9"]
[EventCountry "SVK"]
[SourceTitle "CBM 215 Extra"]
[Source "ChessBase"]
[SourceDate "2023.09.30"]
[SourceVersion "1"]
[SourceVersionDate "2023.09.30"]
[SourceQuality "1"]

1. e4 c5 2. Nf3 g6 3. d4 cxd4 4. Nxd4 Bg7 5. c4 Nc6 6. Be3 Nf6 7. Nc3 0-0 8. Be2 d6 9. 0-0 Bd7 10. Rc1 Nxd4 11. Bxd4 Bh6 12. f4 Bc6 13. Bxf6 exf6 14. Qd2 Re8 15. Bf3 Qb6+ 16. Kh1 Qc5 17. g3 Bf8 18. Bg2 h5 19. h4 Kg7 20. Nd5 Bxd5 21. cxd5 Qb5 22. Rf3 Rxe4 23. Rb3 Re2 24. Qd1 Qe8 25. Rxb7 Qe3 26. Rb3 Qf2 27. Qf1 Rxb2 28. Rc7 Re8 29. Rxb2 Qxb2 30. Rxa7 Qd2 31. Kh2 Re1 32. Qf3 Re3 33. Qf1 Re2 34. a4 f5 35. a5 Qe3 36. Qg1 Qd2 37. a6 Re1 38. Qb6 Re2 39. Qg1 Re1 40. Qb6 Be7 41. Rb7 Re2 42. Qg1 Re1 43. Rb2 Rxg1 44. Rxd2 Ra1 45. Bf1 Bd8 46. Bc4 Bb6 47. Ra2 Rxa2+ 48. Bxa2 Ba7 49. Bc4 Kf6 50. Bb5 Ke7 51. Kg2 Kd8 52. Kf3 Ke7 53. Ke2 1/2-1/2

[Event "Skalica op-A"]
[Site "Skalica"]
[Date "2023.08.24"]
[Round "6"]
[White "Schloffer, Jasmin Denise"]
[Black "Frank, Adam"]
[Result "0-1"]
[WhiteElo "2084"]
[BlackElo "2344"]
[PlyCount "118"]
[EventDate "2023.08.19"]
[EventType "swiss"]
[EventRounds "9"]
[EventCountry "SVK"]
[SourceTitle "CBM 215 Extra"]
[Source "ChessBase"]
[SourceDate "2023.09.30"]
[SourceVersion "1"]
[SourceVersionDate "2023.09.30"]
[SourceQuality "1"]

1. d4 d5 2. c4 e6 3. Nc3 c5 4. cxd5 exd5 5. Nf3 Nf6 6. g3 Nc6 7. Bg2 Be7 8. 0-0 0-0 9. Bg5 c4 10. Ne5 Be6 11. b3 h6 12. Bxf6 Bxf6 13. Nxc6 bxc6 14. Rc1 Rb8 15. bxc4 Rb4 16. e3 Rxc4 17. Na4 Rxc1 18. Qxc1 Qa5 19. Qc2 g6 20. Nc5 Bf5 21. Qb3 Be7 22. Rc1 Bxc5 23. dxc5 Qc7 24. Bf1 Rb8 25. Qc3 Qb7 26. Bd3 Bxd3 27. Qxd3 Qb2 28. Qc2 Qa3 29. Qd2 Rb2 30. Rc2 Rb1+ 31. Kg2 Qa4 32. Qe2 Qe4+ 33. f3 Qb4 34. Qf2 a5 35. e4 dxe4 36. Re2 exf3+ 37. Qxf3 Qxc5 38. Rd2 Qg1+ 39. Kh3 Qf1+ 40. Qxf1 Rxf1 41. Rd8+ Kg7 42. Ra8 Rf5 43. Ra6 Rc5 44. Kg4 Kf6 45. Kf4 Ke6 46. Ke4 Kd6 47. Kd4 h5 48. h4 Rb5 49. Ra7 Rb4+ 50. Kc3 Rg4 51. Rxf7 Rxg3+ 52. Kc4 Rg4+ 53. Kc3 Rxh4 54. Rf6+ Kc5 55. Rxg6 Rh3+ 56. Kc2 a4 57. Rh6 Kb5 58. a3 c5 59. Rh7 Kc4 0-1

[Event "Olomouc GM-A 24th"]
[Site "Olomouc"]
[Date "2023.08.14"]
[Round "4"]
[White "Frank, Adam"]
[Black "Plat, Vojtech"]
[Result "1/2-1/2"]
[WhiteElo "2344"]
[BlackElo "2486"]
[PlyCount "80"]
[EventDate "2023.08.12"]
[EventType "tourn"]
[EventRounds "9"]
[EventCountry "CZE"]
[EventCategory "6"]
[SourceTitle "CBM 215 Extra"]
[Source "ChessBase"]
[SourceDate "2023.09.30"]
[SourceVersion "1"]
[SourceVersionDate "2023.09.30"]
[SourceQuality "1"]

1. e4 e5 2. Nf3 d6 3. d4 exd4 4. Nxd4 Nf6 5. Nc3 Be7 6. Be2 0-0 7. 0-0 Re8 8. f4 Bf8 9. Bf3 c5 10. Nb3 Nc6 11. Re1 c4 12. Nd4 Bd7 13. Be3 a6 14. h3 Rc8 15. a4 Nxd4 16. Bxd4 Bc6 17. a5 Nd7 18. Qd2 Qh4 19. Kh2 Nc5 20. g3 Qh6 21. Qf2 Be7 22. Bxc5 dxc5 23. e5 Rcd8 24. Red1 Bf8 25. Rxd8 Rxd8 26. Rd1 Rd4 27. Bxc6 Rxd1 28. Nxd1 Qxc6 29. Qe2 Qb5 30. e6 Qxa5 31. exf7+ Kxf7 32. Qxc4+ Ke8 33. Nc3 Qb4 34. Qe6+ Kd8 35. Qf7 Be7 36. Qg8+ Kd7 37. Qxh7 Qxb2 38. Qf5+ Kd8 39. Nd5 Qd4 40. h4 Qf2+ 1/2-1/2

[Event "Pardubice Czech op-E 34th"]
[Site "Pardubice"]
[Date "2023.07.16"]
[Round "7"]
[White "Nytra, Ondrej"]
[Black "Frank, Adam"]
[Result "1/2-1/2"]
[WhiteElo "2168"]
[BlackElo "2335"]
[PlyCount "180"]
[EventDate "2023.07.13"]
[EventType "team-swiss"]
[EventRounds "7"]
[EventCountry "CZE"]
[SourceTitle "CBM 215 Extra"]
[Source "ChessBase"]
[SourceDate "2023.09.30"]
[SourceVersion "1"]
[SourceVersionDate "2023.09.30"]
[SourceQuality "1"]
[WhiteTeam "Frydek Mistek II"]
[BlackTeam "Frydek Mistek"]
[WhiteTeamCountry "CZE"]
[BlackTeamCountry "CZE"]

1. e4 c5 2. Nf3 d6 3. d4 cxd4 4. Nxd4 Nf6 5. Nc3 g6 6. Be2 Bg7 7. 0-0 0-0 8. Re1 Nc6 9. Nb3 a6 10. Bf1 Bg4 11. f3 Be6 12. Nd5 Bxd5 13. exd5 Nb4 14. c4 b5 15. a3 bxc4 16. axb4 cxb3 17. Qxb3 Qb6+ 18. Kh1 a5 19. Rxe7 Qxb4 20. Qxb4 axb4 21. Rxa8 Rxa8 22. Bc4 Bh6 23. Re1 Bxc1 24. Rxc1 Rc8 25. b3 Nxd5 26. Rd1 Ne3 27. Rxd6 Nxc4 28. bxc4 Rxc4 29. h3 h5 30. Rb6 h4 31. g3 Rc1+ 32. Kg2 Rc2+ 33. Kf1 hxg3 34. Rxb4 Rf2+ 35. Kg1 Rxf3 36. Kg2 Ra3 37. Rb7 Kg7 38. h4 Kf6 39. Rb1 Re3 40. Rb5 Ke6 41. Rg5 Ra3 42. Kh3 Ke7 43. Rb5 f5 44. h5 Kf7 45. Rb7+ Kg8 46. hxg6 f4 47. Rb2 Ra6 48. Kg4 Rxg6+ 49. Kf3 Kg7 50. Rg2 Rf6 51. Ra2 Kg6 52. Ra5 Rf5 53. Ra8 Kg5 54. Rg8+ Kh4 55. Ra8 Rb5 56. Rh8+ Rh5 57. Rg8 Kh3 58. Ra8 Rh7 59. Rb8 Kh4 60. Rg8 Rh6 61. Ra8 Rg6 62. Rb8 Rg7 63. Ra8 Rh7 64. Rb8 Kh3 65. Ra8 Kh4 66. Rg8 Rh6 67. Ra8 Rb6 68. Rh8+ Kg5 69. Rg8+ Kf5 70. Rf8+ Ke5 71. Re8+ Re6 72. Rd8 Kf5 73. Rf8+ Ke5 74. Rd8 Rf6 75. Re8+ Kf5 76. Rg8 Ke6 77. Re8+ Kf7 78. Ra8 Kg6 79. Rg8+ Kh5 80. Rh8+ Kg5 81. Rg8+ Rg6 82. Rf8 Kh5 83. Rh8+ Kg5 84. Rf8 Kh6 85. Rh8+ Kg7 86. Rh1 Rf6 87. Ra1 Kg6 88. Ra5 Rf5 89. Ra8 Rg5 90. Kxf4 Rf5+ 1/2-1/2

[Event "Teplice op"]
[Site "Teplice"]
[Date "2023.06.15"]
[Round "6"]
[White "Rubes, Jan"]
[Black "Frank, Adam"]
[Result "1-0"]
[WhiteElo "2400"]
[BlackElo "2325"]
[PlyCount "53"]
[EventDate "2023.06.10"]
[EventType "swiss"]
[EventRounds "9"]
[EventCountry "CZE"]
[SourceTitle "CBM 214 Extra"]
[Source "ChessBase"]
[SourceDate "2023.07.31"]
[SourceVersion "1"]
[SourceVersionDate "2023.07.31"]
[SourceQuality "1"]

1. d4 Nf6 2. c4 g6 3. Nc3 Bg7 4. e4 d6 5. h3 Nbd7 6. Bd3 e5 7. d5 Nc5 8. Bc2 a5 9. Bg5 Bd7 10. Nge2 Qb8 11. a4 Na6 12. 0-0 0-0 13. Qd2 Nb4 14. Rae1 c6 15. Bb1 cxd5 16. exd5 Qc8 17. b3 Re8 18. Ng3 h6 19. Bxf6 Bxf6 20. Nce4 Bg5 21. Nxg5 hxg5 22. Qxg5 Qd8 23. Qh6 Qf6 24. Ne4 Qe7 25. f4 Bf5 26. Ng5 Qf6 27. Bxf5 1-0

[Event "Ostrava Konik op-A"]
[Site "Ostrava"]
[Date "2023.05.09"]
[Round "4"]
[White "Dziewonski, Dariusz"]
[Black "Frank, Adam"]
[Result "1/2-1/2"]
[WhiteElo "2185"]
[BlackElo "2373"]
[PlyCount "131"]
[EventDate "2023.05.06"]
[EventType "swiss"]
[EventRounds "9"]
[EventCountry "CZE"]
[SourceTitle "CBM 214 Extra"]
[Source "ChessBase"]
[SourceDate "2023.07.31"]
[SourceVersion "1"]
[SourceVersionDate "2023.07.31"]
[SourceQuality "1"]

1. e4 d6 2. d4 Nf6 3. Nc3 g6 4. f4 Bg7 5. Nf3 0-0 6. e5 dxe5 7. dxe5 Qxd1+ 8. Nxd1 Nh5 9. Bc4 Nc6 10. Nf2 Bh8 11. g4 Ng7 12. Be3 Be6 13. Bxe6 Nxe6 14. 0-0-0 Rfd8 15. Ne4 Nf8 16. Rxd8 Rxd8 17. Rd1 b6 18. Nc3 Rxd1+ 19. Kxd1 f6 20. exf6 Bxf6 21. Nb5 Ne6 22. c3 Kf7 23. Kd2 Ke8 24. f5 a6 25. Nbd4 Nexd4 26. Bxd4 Nxd4 27. cxd4 gxf5 28. gxf5 Kd7 29. Kd3 Kd6 30. Ke4 c5 31. dxc5+ Kxc5 32. Ne5 Bg7 33. Nd7+ Kc6 34. Nb8+ Kb7 35. Nd7 Bxb2 36. Kd5 Kc7 37. Ke6 Ba3 38. Nf8 h5 39. Ng6 Kd8 40. Nf4 Bd6 41. Nd5 Bc5 42. Nf4 h4 43. h3 b5 44. Ng6 a5 45. Kd5 Bf2 46. Ke6 Bc5 47. Kd5 Be3 48. Nxh4 a4 49. Ng6 b4 50. Ne5 b3 51. axb3 axb3 52. Nc4 Bg5 53. Na3 Bc1 54. Nb5 Kd7 55. Kc4 b2 56. Na3 Kd6 57. Kc3 Kd5 58. Kc2 Kd4 59. h4 Ke5 60. Nc4+ Kxf5 61. Nxb2 Bxb2 62. Kxb2 Kg4 63. Kc3 e5 64. h5 Kxh5 65. Kd3 e4+ 66. Kxe4 1/2-1/2

[Event "CZE-chT1E 2223"]
[Site "Czech Republic"]
[Date "2023.04.02"]
[Round "11.1"]
[White "Tomaszewski, Kacper"]
[Black "Frank, Adam"]
[Result "1/2-1/2"]
[WhiteElo "2311"]
[BlackElo "2297"]
[PlyCount "129"]
[EventDate "2022.10.08"]
[EventType "team-tourn"]
[EventRounds "11"]
[EventCountry "CZE"]
[SourceTitle "EXT 2024"]
[Source "ChessBase"]
[SourceDate "2023.10.10"]
[SourceVersion "1"]
[SourceVersionDate "2023.10.10"]
[SourceQuality "1"]
[WhiteTeam "Orlova Slavia"]
[BlackTeam "Frydek Mistek II"]
[WhiteTeamCountry "CZE"]
[BlackTeamCountry "CZE"]

1. d4 Nf6 2. Nf3 g6 3. Nbd2 d5 4. c4 c6 5. e3 Bg7 6. b3 0-0 7. Bb2 Ne4 8. cxd5 cxd5 9. Nxe4 dxe4 10. Nd2 f5 11. Bc4+ Kh8 12. 0-0 a6 13. a4 Nc6 14. Bc3 e6 15. a5 Ne7 16. Bb4 Re8 17. Bxe7 Qxe7 18. Qb1 Bd7 19. Rc1 Qb4 20. Qb2 Rac8 21. Qa3 Bf8 22. Qb2 Rc7 23. Rd1 Rec8 24. Ra2 Bg7 25. Qa3 Qxa3 26. Rxa3 Bf8 27. Ra2 Kg7 28. f3 exf3 29. Nxf3 Kf6 30. e4 Bc6 31. d5 exd5 32. exd5 Rd8 33. Kf1 Bb4 34. Rd4 Be8 35. g4 Bf7 36. Re2 Bc5 37. g5+ Kg7 38. Rd3 Re7 39. Nd4 Kf8 40. Ne6+ Bxe6 41. dxe6 Rxd3 42. Bxd3 Rc7 43. Bc4 Bb4 44. Re5 Ke7 45. h4 Bd6 46. Rd5 Kxe6 47. Rc5+ Ke7 48. Rxc7+ Bxc7 49. Bg8 Kf8 50. Bd5 Bg3 51. h5 Bf4 52. Bxb7 Bxg5 53. Ke2 Bd8 54. hxg6 hxg6 55. Kd3 Bxa5 56. Bxa6 Ke7 57. Kc4 Kd6 58. Kd3 Ke5 59. Ke3 g5 60. Be2 g4 61. Kf2 Kf4 62. Bd3 Bb4 63. Bc2 Ke5 64. Bd3 f4 65. Be2 1/2-1/2

[Event "CZE-chT 2223"]
[Site "Czech Republic"]
[Date "2023.03.25"]
[Round "10.5"]
[White "Frank, Adam"]
[Black "Jelinek, Michal"]
[Result "1-0"]
[WhiteElo "2297"]
[BlackElo "2114"]
[PlyCount "89"]
[EventDate "2022.10.15"]
[EventType "team-tourn"]
[EventRounds "11"]
[EventCountry "CZE"]
[SourceTitle "CBM 213 Extra"]
[Source "ChessBase"]
[SourceDate "2023.05.31"]
[SourceVersion "1"]
[SourceVersionDate "2023.05.31"]
[SourceQuality "1"]
[WhiteTeam "Frydek Mistek"]
[BlackTeam "Oaza Loznice.cz"]
[WhiteTeamCountry "CZE"]
[BlackTeamCountry "CZE"]

1. e4 e5 2. Nf3 Nc6 3. Bb5 a6 4. Ba4 Nf6 5. 0-0 Be7 6. d3 b5 7. Bb3 d6 8. c3 0-0 9. a4 Rb8 10. Nbd2 Be6 11. Bc2 h6 12. Re1 Re8 13. axb5 axb5 14. d4 exd4 15. Nxd4 Bd7 16. b4 Ne5 17. f4 Ng6 18. N2f3 Rb6 19. Ne2 Bg4 20. Qd3 c5 21. h3 Be6 22. Ng3 Bf8 23. Be3 Qc7 24. Qd2 Bc8 25. Bf2 Bb7 26. Bd3 h5 27. Ng5 h4 28. Nf5 Nh5 29. Nxh4 Nhxf4 30. Bc2 Nxh4 31. Qxf4 Ng6 32. Qf3 Re5 33. Qh5 Be7 34. Qh7+ Kf8 35. Nf3 Re6 36. h4 Bf6 37. h5 Ne5 38. Nh4 Ng4 39. Nf5 g6 40. hxg6 Nxf2 41. g7+ Bxg7 42. Qxg7+ Ke8 43. Qg8+ Kd7 44. Qxf7+ Kc6 45. Qxe6 1-0

[Event "CZE-chT 2223"]
[Site "Czech Republic"]
[Date "2023.02.18"]
[Round "7.3"]
[White "Frank, Adam"]
[Black "Vlasak, Lukas"]
[Result "0-1"]
[WhiteElo "2297"]
[BlackElo "2445"]
[PlyCount "60"]
[EventDate "2022.10.15"]
[EventType "team-tourn"]
[EventRounds "11"]
[EventCountry "CZE"]
[SourceTitle "CBM 213 Extra"]
[Source "ChessBase"]
[SourceDate "2023.05.31"]
[SourceVersion "1"]
[SourceVersionDate "2023.05.31"]
[SourceQuality "1"]
[WhiteTeam "Frydek Mistek"]
[BlackTeam "Turnov Zikuda"]
[WhiteTeamCountry "CZE"]
[BlackTeamCountry "CZE"]

1. e4 c5 2. Nf3 Nc6 3. d4 cxd4 4. Nxd4 g6 5. c4 Bg7 6. Be3 Nf6 7. Nc3 d6 8. Be2 0-0 9. Qd2 Qa5 10. f3 Nxd4 11. Bxd4 Be6 12. Rc1 Rfc8 13. b3 a6 14. Na4 Qxd2+ 15. Kxd2 Bh6+ 16. Be3 Bxe3+ 17. Kxe3 Rc6 18. Rc3 Nd7 19. Nb2 a5 20. Nd3 Rac8 21. f4 Nc5 22. Rb1 f5 23. Nxc5 Rxc5 24. Rbc1 fxe4 25. Kxe4 Bd5+ 26. Kd4 Bxg2 27. Rg3 Bc6 28. Bg4 Rf8 29. Rf1 e5+ 30. Ke3 exf4+ 0-1

[Event "Budapest FS02 IM"]
[Site "Budapest"]
[Date "2023.02.07"]
[Round "4"]
[White "Szeberenyi, Adam"]
[Black "Frank, Adam"]
[Result "1/2-1/2"]
[WhiteElo "2325"]
[BlackElo "2332"]
[PlyCount "60"]
[EventDate "2023.02.04"]
[EventType "tourn"]
[EventRounds "9"]
[EventCountry "HUN"]
[SourceTitle "CBM 212 Extra"]
[Source "ChessBase"]
[SourceDate "2023.03.31"]
[SourceVersion "1"]
[SourceVersionDate "2023.03.31"]
[SourceQuality "1"]

1. d4 Nf6 2. c4 g6 3. Nc3 Bg7 4. e4 d6 5. Be2 0-0 6. Nf3 e5 7. 0-0 Nc6 8. d5 Ne7 9. b4 a5 10. bxa5 Rxa5 11. a4 Nd7 12. Ba3 Nc5 13. Bb4 Ra6 14. a5 Bd7 15. Bxc5 dxc5 16. Qb3 Qa8 17. Nb5 Qb8 18. Qc3 b6 19. axb6 Rxa1 20. Rxa1 cxb6 21. Qa3 Nc8 22. Qa8 Qxa8 23. Rxa8 Bxb5 24. cxb5 Nd6 25. Ra6 Rb8 26. Nd2 Bh6 27. Nc4 Nxb5 28. Rxb6 Rxb6 29. Nxb6 Nd6 30. Nc4 Nxc4 1/2-1/2

[Event "Budapest FS02 IM"]
[Site "Budapest"]
[Date "2023.02.04"]
[Round "1"]
[White "Ilincic, Zlatko"]
[Black "Frank, Adam"]
[Result "0-1"]
[WhiteElo "2298"]
[BlackElo "2332"]
[PlyCount "84"]
[EventDate "2023.02.04"]
[EventType "tourn"]
[EventRounds "9"]
[EventCountry "HUN"]
[SourceTitle "CBM 212 Extra"]
[Source "ChessBase"]
[SourceDate "2023.03.31"]
[SourceVersion "1"]
[SourceVersionDate "2023.03.31"]
[SourceQuality "1"]

1. d4 Nf6 2. c4 g6 3. g3 Bg7 4. Bg2 0-0 5. Nc3 d6 6. Nf3 Nc6 7. 0-0 Bf5 8. b3 e5 9. d5 Ne7 10. Ne1 Qd7 11. f3 e4 12. Bb2 exf3 13. exf3 h5 14. Nd3 Rae8 15. Nf2 c6 16. dxc6 bxc6 17. Qd2 Rd8 18. Rad1 Rfe8 19. Rfe1 c5 20. Nd5 Nexd5 21. Rxe8+ Rxe8 22. cxd5 Qb7 23. Bc3 Nh7 24. Bxg7 Kxg7 25. g4 hxg4 26. fxg4 Bc8 27. Re1 Nf6 28. Rxe8 Nxe8 29. Qc3+ Kg8 30. Qe3 Kf8 31. Qh6+ Kg8 32. Qe3 Qd7 33. g5 Qd8 34. h4 Bf5 35. Bh3 Ng7 36. Kh2 Qa5 37. Bxf5 Nxf5 38. Qe8+ Kg7 39. h5 gxh5 40. Qe4 Kg6 41. Qc2 Qe1 42. Qb2 Nd4 0-1

[Event "CZE-chT1E 2223"]
[Site "Czech Republic"]
[Date "2022.12.11"]
[Round "5.3"]
[White "Frank, Adam"]
[Black "Rojicek, Vojtech"]
[Result "1/2-1/2"]
[WhiteElo "2297"]
[BlackElo "2382"]
[PlyCount "139"]
[EventDate "2022.10.08"]
[EventType "team-tourn"]
[EventRounds "11"]
[EventCountry "CZE"]
[SourceTitle "CBM 213 Extra"]
[Source "ChessBase"]
[SourceDate "2023.05.31"]
[SourceVersion "1"]
[SourceVersionDate "2023.05.31"]
[SourceQuality "1"]
[WhiteTeam "Frydek Mistek II"]
[BlackTeam "Frydek Mistek III"]
[WhiteTeamCountry "CZE"]
[BlackTeamCountry "CZE"]

1. e4 c5 2. Nf3 d6 3. d4 cxd4 4. Nxd4 Nf6 5. Nc3 g6 6. Be2 Bg7 7. 0-0 0-0 8. Bg5 Nc6 9. Nb3 Be6 10. Re1 Rc8 11. Bf1 Nd7 12. f4 Nb6 13. Kh1 Re8 14. Qf3 Nb4 15. Qf2 Rxc3 16. bxc3 Bxc3 17. Rad1 Qc7 18. Re3 Bg7 19. c3 Nc6 20. Nd4 Bd7 21. Qh4 Nxd4 22. cxd4 Qc2 23. Ree1 d5 24. e5 Bf5 25. Bxe7 Nc4 26. Bxc4 Qxc4 27. a3 Qc2 28. Bb4 b6 29. Kg1 a5 30. Bd6 Bf8 31. Qf2 Qxf2+ 32. Kxf2 Bxd6 33. exd6 Rd8 34. Re7 Rxd6 35. Rc1 h5 36. Rcc7 Rf6 37. Re8+ Kg7 38. Rb8 Bd3 39. g3 Re6 40. Rbb7 Rf6 41. Ra7 Bc4 42. h4 Bb5 43. Ke1 Kg8 44. Kd1 Ba4+ 45. Kd2 Bb5 46. Rcb7 Kg7 47. Rxa5 bxa5 48. Rxb5 a4 49. Rxd5 Rb6 50. Rc5 Rb1 51. d5 Kf6 52. Rc4 Rb2+ 53. Kd3 Rg2 54. Rxa4 Rxg3+ 55. Ke4 Rg1 56. Ra6+ Ke7 57. Ra7+ Kd6 58. Rxf7 Re1+ 59. Kd4 Rd1+ 60. Kc4 Rc1+ 61. Kd3 Rd1+ 62. Kc3 Rc1+ 63. Kb2 Rh1 64. a4 Rxh4 65. a5 Kxd5 66. a6 Rh2+ 67. Kb3 Rh1 68. Rf6 Ra1 69. Rxg6 Ke4 70. Rh6 1/2-1/2

[Event "CZE-chT 2223"]
[Site "Czech Republic"]
[Date "2022.12.03"]
[Round "3.5"]
[White "Movsesian, Julia"]
[Black "Frank, Adam"]
[Result "0-1"]
[WhiteElo "2251"]
[BlackElo "2297"]
[PlyCount "88"]
[EventDate "2022.10.15"]
[EventType "team-tourn"]
[EventRounds "11"]
[EventCountry "CZE"]
[SourceTitle "CBM 213 Extra"]
[Source "ChessBase"]
[SourceDate "2023.05.31"]
[SourceVersion "1"]
[SourceVersionDate "2023.05.31"]
[SourceQuality "1"]
[WhiteTeam "Pardubice"]
[BlackTeam "Frydek Mistek"]
[WhiteTeamCountry "CZE"]
[BlackTeamCountry "CZE"]

1. e4 c5 2. Nc3 d6 3. f4 Nc6 4. Nf3 g6 5. Bb5 Bg7 6. 0-0 e6 7. d4 cxd4 8. Nxd4 Nge7 9. Kh1 0-0 10. Be3 Qc7 11. Be2 a6 12. a4 b6 13. Nxc6 Nxc6 14. f5 Ne5 15. f6 Bh8 16. Qe1 Bb7 17. Qh4 Rfe8 18. Bg5 Qc5 19. Ra3 Nd7 20. Nd1 Bxe4 21. Rh3 Nf8 22. Ne3 Bf5 23. Bg4 Qe5 24. Nc4 Qe4 25. Bxf5 Qxh4 26. Rxh4 exf5 27. Nxb6 Rab8 28. Nd5 h5 29. b4 Nh7 30. Bf4 Nxf6 31. Ne7+ Rxe7 32. Bxd6 Reb7 33. Bxb8 Rxb8 34. Rc4 Ne4 35. Rc6 Rxb4 36. Rxa6 Rc4 37. Ra8+ Kh7 38. Ra7 Kh6 39. Rxf7 Rxa4 40. Rc7 Bc3 41. g3 Rd4 42. Rc6 Kg5 43. Rb1 Rd2 44. Rbb6 Kg4 0-1